<?xml version="1.0" encoding="UTF-8"?>
<collection xmlns="http://www.loc.gov/MARC21/slim">
    <record>
        <controlfield tag="001">74750</controlfield>
        <controlfield tag="005">20180822120514.0</controlfield>
        <datafield tag="037" ind1=" " ind2=" ">
            <subfield code="a">GDOC-2017-69004</subfield>
        </datafield>
        <datafield tag="041" ind1=" " ind2=" ">
            <subfield code="a">spa</subfield>
        </datafield>
        <datafield tag="041" ind1=" " ind2=" ">
            <subfield code="a">eng</subfield>
        </datafield>
        <datafield tag="100" ind1=" " ind2=" ">
            <subfield code="0">(orcid)0000-0002-5732-2209</subfield>
            <subfield code="1">385520</subfield>
            <subfield code="a">FELICIANO JESÚS RAMOS, FUENTES</subfield>
        </datafield>
        <datafield tag="245" ind1="0" ind2="0">
            <subfield code="9">69004</subfield>
            <subfield code="a">Conceptos básicos de Genética.Técnicas de diagnóstico.Asesoramiento y terapia génica.Tratamiento enfermedades metabólica</subfield>
        </datafield>
        <datafield tag="242" ind1="0" ind2="0">
            <subfield code="9">69004</subfield>
            <subfield code="a">Basic concepts in Genetics. Diagnosis techniques. Gene appraisal and therapy. Treatment of metabolic illnesses</subfield>
        </datafield>
        <datafield tag="260" ind1=" " ind2=" ">
            <subfield code="a">Zaragoza</subfield>
            <subfield code="b">Universidad de Zaragoza</subfield>
            <subfield code="c">2017-2018</subfield>
        </datafield>
        <datafield tag="520" ind1=" " ind2=" ">
            <subfield code="a">Breve presentación de la asignatura
“Conceptos Básicos de Genética. Técnicas de Diagnóstico, Asesoramiento Y Terapia Génica, Tratamiento De Enfermedades Metabólicas”, perteneciente a la Materia Temática 1 nutrición y genética en pediatria. Nutrigenómica. 1 Crédito ECTS de carácter obligatorio.
Se imparte de forma virtual desde la plataforma on-line.</subfield>
        </datafield>
        <datafield tag="521" ind1=" " ind2=" ">
            <subfield code="9">671</subfield>
            <subfield code="a">Máster Universitario en Condicionantes Genéticos, nutricionales y ambientales del crecimiento y desarrollo</subfield>
            <subfield code="b">Master's in Genetic, nutritional and environmental growth and development condiitoners</subfield>
        </datafield>
        <datafield tag="540" ind1=" " ind2=" ">
            <subfield code="a">by-nc-sa</subfield>
            <subfield code="b">Creative Commons</subfield>
            <subfield code="c">3.0</subfield>
            <subfield code="u">http://creativecommons.org/licenses/by-nc-sa/3.0/</subfield>
        </datafield>
        <datafield tag="830" ind1=" " ind2=" ">
            <subfield code="9">461</subfield>
        </datafield>
        <datafield tag="856" ind1="4" ind2=" ">
            <subfield code="s">13467</subfield>
            <subfield code="u">http://zaguan.unizar.es/record/74750/files/guia-69004-es.pdf</subfield>
            <subfield code="y">Guía (idioma español)</subfield>
        </datafield>
        <datafield tag="856" ind1="4" ind2=" ">
            <subfield code="s">7878</subfield>
            <subfield code="u">http://zaguan.unizar.es/record/74750/files/guia-69004-en.pdf</subfield>
            <subfield code="y">Guide (english)</subfield>
        </datafield>
        <datafield tag="970" ind1=" " ind2=" ">
            <subfield code="a">GDOC-2017-69004</subfield>
        </datafield>
        <datafield tag="980" ind1=" " ind2=" ">
            <subfield code="a">GDOC</subfield>
            <subfield code="b">Ciencias de la Salud</subfield>
            <subfield code="b">Health Sciences</subfield>
            <subfield code="c">104</subfield>
        </datafield>
    </record>

    
</collection>